000 01334nmc a2200457 a 4500
003 AR-BaBNM
005 20251128204337.0
008 011101s1980 ||||||||||||||000 | spa||
020 _a84-7046-203-2
040 _cAR-BaBNM
245 1 0 _aEducación especial
250 _a10ª ed.
260 _aBogotá
_bCincel-Kapelusz
_c1980
300 0 _a493 p.
_bil., gráfs.
490 0 _aPsicología y educación. Educación especial
500 0 _aContiene glosario
500 0 _aLista de títulos de la colección
504 _aBibliografía
650 4 _aEDUCACION ESPECIAL
650 4 _aPROGRAMAS DE EDUCACION ESPECIAL
650 4 _aDESARROLLO DEL NINO
650 4 _aRETARDO MENTAL
650 4 _aPSICOLOGIA EVOLUTIVA
650 4 _aREHABILITACION
650 4 _aDESARROLLO DEL LENGUAJE
650 4 _aCAMBIO DE PERSONALIDAD
650 4 _aPSICOPATOLOGIA
650 4 _aDELINCUENCIA
650 4 _aEPILEPSIA
653 0 _aREEDUCACION
700 1 _aGisbert Alós, José
700 1 _aMardomingo Sanz, María Jesús
700 1 _aCabada Alvarez, José Manuel
700 1 _aSánchez Moiso, María Esther
700 1 _aRodríguez Ramos, Prudencio
700 1 _aSolís Muschketov, Ramón
700 1 _aToledo González, Miguel
800 1 _aRioja Gómez, José
_edirector
942 _cBK
998 _cMARTIN
999 _c7091
_d7091